TV Sitcom Addresses Quiz Stats

 Plays Quiz Updated Jan 20, 2019

Support Sporcle.
Go Orange.
Score 0/24 Timer 07:00
1 Play Today
% Correct
The Simpsons
75.9%
Family Guy
72.8%
Friends
67.1%
The Addams Family
51%
Seinfeld
49.8%
Frasier
48.2%
The Munsters
40.7%
Full House
40.2%
King of the Hill
35.3%
Roseanne
32%
Happy Days
28.9%
All in the Family
28.5%
% Correct
The Golden Girls
27.9%
Everybody Loves Raymond
25.9%
The Cosby Show
24.9%
The Jeffersons
23.6%
The Dick Van Dyke Show
16.1%
Married With Children...
14.6%
Will & Grace
13.6%
The Brady Bunch
13.2%
The Fresh Prince of Bel-Air
13.1%
Leave It to Beaver
12.6%
3rd Rock from the Sun
5.7%
Malcolm in the Middle
5.2%

From the Vault

Famous Faces

by lupin

Come on celebrities, it's time to 'face' the music.
Remove Ads.
Support Sporcle.
Get the best of Sporcle when you Go Orange. This ad-free experience offers more features, more stats, and more fun while also helping to support Sporcle. Thank you for becoming a member.

Show Comments

Extras

Top Quizzes Today


Score Distribution

Your Account Isn't Verified!

In order to create a playlist on Sporcle, you need to verify the email address you used during registration. Go to your Sporcle Settings to finish the process.

Report this User

Report this user for behavior that violates our Community Guidelines.

Details: